000 00663nam a2200253Ia 4500
003 OSt
005 20221006151531.0
006 a|||||r|||| 00| 0
007 ta
008 221006b |||||||| |||| 00| 0 eng d
020 _cYu 338.00 (each)
024 _a22,468
037 _bGift,
_cTextual
040 _aEASL
_cEASL
_beng
041 _2eng
_aeng
082 _aXk, N8.
245 0 _aEncyclopedia of market economy, 2 Vols.
260 _aBeijing
_bZhongguo Dobai Ke Quan Chubanshe China
_c1998
300 _a737+1517p.
_ccm.
490 _v V.2CL
650 _aCL
_9642733
942 _hXk, N8.
_cTEXL
_2CC
999 _c1090554
_d1090554